La condición posmoderna : Informe sobre el saber /
में बचाया:
| मुख्य लेखक: | |
|---|---|
| स्वरूप: | अज्ञात |
| भाषा: | Spanish |
| प्रकाशित: |
Madrid, España :
Ediciones Catédra
|
| संस्करण: | 4 edición |
| श्रृंखला: | Colección Teorema. Serie Mayor
|
| विषय: | |
| टैग: |
टैग जोड़ें
कोई टैग नहीं, इस रिकॉर्ड को टैग करने वाले पहले व्यक्ति बनें!
|
MARC
| LEADER | 00000 a2200000 04500 | ||
|---|---|---|---|
| 001 | 48013 | ||
| 003 | cru CIDCACS/IIS | ||
| 005 | 20190423105345.0 | ||
| 008 | 050611s1989 sp spa d | ||
| 999 | |c 13518 |d 13518 | ||
| 020 | |a 84-376-0466-4 | ||
| 022 | |a 84-376-0466-4 | ||
| 040 | |c CIDCACS/IIS | ||
| 090 | |a 05.03.01 L991c | ||
| 100 | |a Lyotard; Jan-Francois | ||
| 245 | |a La condición posmoderna : |b Informe sobre el saber / |c Jen-Francois, Lyotard; Mariano Antolín Rapto, traductor | ||
| 250 | |a 4 edición | ||
| 260 | |a Madrid, España : |b Ediciones Catédra | ||
| 300 | |a 119 páginas | ||
| 440 | |a Colección Teorema. Serie Mayor | ||
| 500 | |a Colección de Rosa María Pochet | ||
| 650 | |a SOCIEDAD DE LA INFORMACION | ||
| 650 | |2 Macrothesaurus de la OCDE/ | ||
| 650 | |a SISTEMA SOCIAL | ||
| 650 | |2 Macrothesaurus de la OCDE | ||
| 650 | |a POSMODERNIDAD | ||
| 650 | |a Listado Unificado de la CLACSO/ | ||
| 650 | |2 INVESTIGACION | ||
| 650 | |a Macrothesaurus de la OCDE/ | ||
| 650 | |2 METODOS PEDAGOGICOS | ||
| 650 | |a Macrothesaurus de la OCDE/ | ||
| 942 | |2 ddc |c LI | ||



